Las formaciones del inconsciente, 1957-1958

Tallennettuna:
Bibliografiset tiedot
Päätekijä: Lacan, Jacques-Marie Émile (Tekijä)
Aineistotyyppi: Kirja
Kieli:espanja
Julkaistu: Buenos Aires Paidós 1999
Painos:1a. ed
Sarja:El Seminario de Jacques Lacan, 5
Aiheet:
Tagit: Lisää tagi
Ei tageja, Lisää ensimmäinen tagi!

MARC

LEADER 00000cam a2200000 a 4500
001 UCK3566
003 CL-VaPUC
008 050429e19990000AG |||||||||||||||||spa|d
020 |a 9501239756 
082 0 4 |a 150.195  |b LAC  |2 21 
100 |a Lacan, Jacques-Marie Émile  |e author  |9 575715 
245 1 4 |a Las formaciones del inconsciente, 1957-1958 
250 |a 1a. ed 
300 |a 527 p 
942 |c BK 
945 |d 20050429 00:00:00  |a cmena 
260 |a Buenos Aires  |b Paidós  |c 1999 
650 0 |a Psicología   |9 257863 
650 0 |a Psicoanálisis   |9 265702 
583 |a last modification  |c 20120928 10:07:27  |k Rodrigo Vera 
490 0 |a El Seminario de Jacques Lacan, 5 
999 |c 312695  |d 312693 
952 |0 0  |1 0  |4 0  |6 150_195000000000000_LAC_1999  |7 0  |8 R  |9 383366  |a BIBEDU  |b BIBEDU  |c MCIRC  |d 2019-11-21  |i 4117700  |o 150.195 LAC 1999  |p 4117700  |r 2023-01-13  |w 2019-11-21  |y BK_R  |k PSI 
952 |0 0  |1 0  |4 0  |6 150_195000000000000_LAC_1999  |7 0  |8 R  |9 383367  |a BIBEDU  |b BIBEDU  |c MCIRC  |d 2019-11-21  |i 4900782  |l 4  |o 150.195 LAC 1999  |p 4900782  |r 2023-01-13  |s 2021-08-11  |w 2019-11-21  |y BK_R  |k PSI